Największe miasta województwa małopolskiego. - Statystyki

Ogólne statystyki
  • Ten quiz został rozwiązany 40 razy
  • Średni wynik to 9 z 20
Statystyki odpowiedzi
Miejsce km² Miasto % Poprawnych
1. 326,85km² Kraków
100%
3. 72,37km² Tarnów
100%
5. 57,60km² Nowy Sącz
97%
2. 84,26km² Zakopane
97%
17. 29,89km² Bochnia
76%
16. 30,14km² Oświęcim
76%
6. 51,07km² Nowy Targ
74%
8. 38,31km² Chrzanów
56%
15. 30,22km² Myślenice
44%
7. 39,69km² Krynica-Zdrój
32%
11. 36,70km² Rabka-Zdrój
32%
18. 27,65km² Sucha Beskidzka
32%
13. 32,09km² Szczawnica
29%
19. 27,40km² Niepołomice
21%
9. 38,29km² Piwniczna-Zdrój
18%
12. 35,86km² Libiąż
15%
20. 27,10km² Mszana Dolna
15%
4. 64,50km² Bukowno
12%
10. 37,98km² Czarny Dunajec
6%
14. 31,95km² Trzebina
3%
Nie znaleziono quizów pasujących do podanych kryteriów
Rozkład punktacji
Procent ludzi z każdym wynikiem
Percentyl według liczby udzielonych odpowiedzi
Twoja historia wyników
Nie rozwiązałeś tego quizu